[Event "Chigorin Memorial 29th"]
[Site "St Petersburg"]
[Date "2022.10.28"]
[Round "7"]
[White "Timerkhanov, Alexander"]
[Black "Filimonov, Viktor"]
[Result "1/2-1/2"]
[WhiteElo "2372"]
[BlackElo "1765"]
[PlyCount "93"]
[EventDate "2022.10.22"]
[EventType "swiss"]
[EventRounds "9"]
[EventCountry "RUS"]
[SourceTitle "EXT 2024"]
[Source "ChessBase"]
[SourceDate "2023.10.10"]
[SourceVersion "1"]
[SourceVersionDate "2023.10.10"]
[SourceQuality "1"]

1. e4 c6 2. d4 d5 3. exd5 cxd5 4. Bd3 Nc6 5. c3 Qc7 6. Ne2 Bg4 7. 0-0 e6 8. Qe1 Be7 9. Ng3 g6 10. Na3 a6 11. Nc2 Bf5 12. Qe2 Nf6 13. Bg5 h6 14. Bd2 h5 15. Bg5 Nd7 16. Bxe7 Nxe7 17. Rfe1 Nf6 18. Ne3 Bxd3 19. Qxd3 0-0 20. a4 Kg7 21. Ne2 g5 22. c4 dxc4 23. Nxc4 Rfd8 24. Rac1 Ng6 25. Qc3 Ng4 26. Qg3 Qxg3 27. hxg3 b5 28. Nb6 Ra7 29. Rc5 Rb7 30. a5 Kh6 31. Rec1 Ne7 32. Rc7 Rdb8 33. R1c5 Nf6 34. f3 Ne8 35. Rxb7 Rxb7 36. f4 g4 37. d5 Rb8 38. Nd4 exd5 39. Nc6 Rb7 40. Nxd5 Nxd5 41. Rxd5 Rc7 42. Nb4 Rc1+ 43. Kh2 Ra1 44. Nxa6 Nf6 45. Re5 Rxa5 46. Nc7 Ra2 47. Nxb5 1/2-1/2

[Event "Chigorin Memorial 29th"]
[Site "St Petersburg"]
[Date "2022.10.25"]
[Round "4"]
[White "Filimonov, Viktor"]
[Black "Zagrebina, Marina"]
[Result "1-0"]
[WhiteElo "1765"]
[BlackElo "1509"]
[PlyCount "81"]
[EventDate "2022.10.22"]
[EventType "swiss"]
[EventRounds "9"]
[EventCountry "RUS"]
[SourceTitle "EXT 2024"]
[Source "ChessBase"]
[SourceDate "2023.10.10"]
[SourceVersion "1"]
[SourceVersionDate "2023.10.10"]
[SourceQuality "1"]

1. d4 Nf6 2. c4 e6 3. Nf3 d5 4. Nc3 Be7 5. Qc2 0-0 6. Bg5 Nbd7 7. Rd1 c6 8. e3 Re8 9. a3 h6 10. Bh4 a5 11. cxd5 exd5 12. a4 Ne4 13. Bxe7 Qxe7 14. Bd3 Ndf6 15. h3 Bf5 16. 0-0 Bh7 17. Ne5 Rad8 18. Rfe1 Qd6 19. f3 Ng5 20. Bxh7+ Nfxh7 21. h4 Ne6 22. Nxf7 Kxf7 23. Qxh7 Qg3 24. Qf5+ Kg8 25. Qh3 Qg6 26. f4 Nc7 27. g4 Na6 28. Kh2 Nb4 29. Re2 Re7 30. h5 Qd6 31. Rg1 Rde8 32. g5 Nd3 33. Qf3 hxg5 34. Rxg5 Qf6 35. Rg4 Nc1 36. Reg2 Qh6 37. Rg6 Qh7 38. Qg4 Rf7 39. h6 Kh8 40. Qh5 Ree7 41. hxg7+ 1-0